Visualizzazione normale
Vista MARC
- AVVENTUROSO
di Topical Term
Records bibliografici associati: 1
001 - CONTROL NUMBER
- control field: 55607
003 - CONTROL NUMBER IDENTIFIER
- control field: IT-RoPau
005 - DATE AND TIME OF LATEST TRANSACTION
- control field: 20151204104604.0
008 - FIXED-LENGTH DATA ELEMENTS
- fixed length control field: 151204|| aca||aabn | a|a d
040 ## - CATALOGING SOURCE
- Original cataloging agency: IT-RoPau
- Transcribing agency: IT-RoPau
150 ## - HEADING--TOPICAL TERM
- Topical term or geographic name entry element: AVVENTUROSO
- : FILMS [VHS]
- General subdivision: Codice MATERIA SPICS: 9960
670 ## - SOURCE DATA FOUND
- Source citation: Work cat.: (IT-RoPau)108414: Schneider Alan Codice regista SPICS: 23569 55605, SALOTTO, CAMERA E SERVIZI SALOTTO, CAMERA E SERVIZI (Rif. Codice opera principale : 67757), "1931 (1° ed.: 1988 ; Ed. Lingua Orig.: 1931)"